Qué artista [juego] /

Guardado en:
Formato: Objeto Físico
Publicado: Argentina : Bontus, [200?]
Materias:
Etiquetas: Agregar Etiqueta
Sin Etiquetas, Sea el primero en etiquetar este registro!
LEADER 00850nrm a22001695g 4500
001 CEM.cems019212
008 130507b200?##################0###0#####d
005 20220830092326.0
003 CEMS
245 0 0 |a Qué artista [juego] /  |c Bontus. 
260 |a Argentina :  |b Bontus,  |c [200?] 
300 |a 1 juego (1 tablero, 5 p.eones, 1 talonario, 180 tarjetas con 540 actividades-modelar-dibujar-actuar, 1 lápiz, masa) ; en caja 29 x 19 x 6 cm. + manual de instrucciones. 
500 |a Para 3 a 10 jugadores, individual o equipos a partir 12 años y adultos objetivo: llegar a la última casilla al descubrir las claves de las tarjetas a través de las actividades desarrolladas por sus compañeros. 
082 0 4 |a J793.24 
653 |a 1. juegos y diversiones 
653 |a 2. juegos de entretenimiento general 
859 |a CEMS  |b BIB. CEMS - Ludoteca  |h J793.24  |i B644  |p 349.08  |t Ej.1